000 00870nam a2200301Ia 4500
001 7481
003 IT-RoPAU
008 130308s9999 xx 000 0 und d
040 _aIT-RoPAU
040 _cIT-RoPAU
041 _aSPAGNOLO
100 _aPetit Caro Salvador
100 _gCodice Aut. SPICS: 10523
245 _aDiocesis como fuente informativa (La)
245 _bIglesia, Dato informativo (La)
250 _a1a ed.
260 _aMADRID
260 _bEdiciones Paulinas
260 _c1981 [1° Ed.:1981 - Ed.Ling.Originale:1980]
300 _a"24 p. (prefazione: no ; testo: 24 [pagine: 137-160])"
500 _aDiocesi Come fonte informativa Chiesa notizia Chiesa produce Notizia
650 _aCONVEGNI/MANIFESTAZIONI PASTORALE D.CS
650 _eCodice materia Spics: 9315
942 _cBK
957 _71
999 _c64639
_d64639
999 _bSI
999 _g1